Supreme court judgments on disciplinary proceedings (Record no. 3008)

MARC details
000 -LEADER
fixed length control field 00793 a2200205 4500
010 ## - LIBRARY OF CONGRESS CONTROL NUMBER
LC control number ENG-85436
020 ## - INTERNATIONAL STANDARD BOOK NUMBER
Terms of availability 120.00
035 ## - SYSTEM CONTROL NUMBER
System control number EN-68969
037 ## - SOURCE OF ACQUISITION
Source of stock number/acquisition D.B.Act / Pub
082 00 - DEWEY DECIMAL CLASSIFICATION NUMBER
Classification number 347.03502643
090 ## - LOCALLY ASSIGNED LC-TYPE CALL NUMBER (OCLC); LOCAL CALL NUMBER (OCLC)
-- 3069
-- 3069
100 1# - MAIN ENTRY--PERSONAL NAME
Personal name Suryanarayana, R. V.
245 10 - TITLE STATEMENT
Title Supreme court judgments on disciplinary proceedings
Statement of responsibility, etc by R. V. Suryanarayana
260 ## - PUBLICATION, DISTRIBUTION, ETC. (IMPRINT)
Place of publication, distribution, etc Bangalore
Name of publisher, distributor, etc Parsam Institute of Statutory Rules
Date of publication, distribution, etc 2005
270 ## - ADDRESS
Address 38/1, R.V. Road, Basavanagudi, Bangalore-560004
City Bangalore
State or province Karnataka
Postal code 560004
Electronic mail address info@parsaminstitute.com
Telephone number 080-51205574
Fax number 080-26573951
300 ## - PHYSICAL DESCRIPTION
Extent v. 1 (xvi, 88 p.)
Dimensions 21 cm. (Pbk)
650 #0 - SUBJECT ADDED ENTRY--TOPICAL TERM
Topical term or geographic name as entry element Disciplinary proceedings
942 ## - ADDED ENTRY ELEMENTS (KOHA)
Institution code [OBSOLETE] dpl
Koha item type English Books
Call number prefix 347.03502643 / SUR
Holdings
Withdrawn status Lost status Source of classification or shelving scheme Damaged status Not for loan Collection code Home library Current library Source of acquisition Cost, normal purchase price Total Checkouts Full call number Barcode Date last seen Copy number Uniform Resource Identifier Cost, replacement price Price effective from Koha item type
    Dewey Decimal Classification   Not For Loan Non-fiction D.B.Act.Division D.B.Act.Division DBAD/PUB 120.00   347.03502643 SUR EN-68969 15/09/2008 1 3202 120.00 15/09/2008 English Books

© Delhi Public Library
Hit Counter
free hit counter